|
|
|
|
| LEADER |
01182nam a2200349 a 4500 |
| 001 |
000573409 |
| 003 |
CZ BrMZK |
| 005 |
20201017124729.0 |
| 007 |
ta |
| 008 |
010825s2001 xr g f cze d |
| 015 |
|
|
|a cnb001024743
|
| 020 |
|
|
|a 80-241-0747-3
|q (brož.) :
|c Kč 73,00
|
| 035 |
|
|
|a (OCoLC)48709032
|
| 040 |
|
|
|a BOA001
|c ze
|d BOA001
|
| 041 |
1 |
|
|a cze
|h eng
|
| 072 |
|
7 |
|a 821.111-3
|x Anglická próza, anglicky psaná
|2 Konspekt
|9 25
|
| 080 |
|
|
|a 821.111-31
|2 MRF
|
| 080 |
|
|
|a (0:82-312.5)
|2 MRF
|
| 100 |
1 |
|
|a Metcalfe, Josie
|7 jn20001005670
|4 aut
|
| 245 |
1 |
0 |
|a Malý pacient /
|c Josie Metcalfeová ; [překlad Jana Mojžíšová]
|
| 260 |
|
|
|a Praha :
|b Harlequin,
|c c2001
|
| 300 |
|
|
|a 160 s. ;
|c 17 cm
|
| 490 |
1 |
|
|a Lékařská romance ;
|v 17 (R 9/01)
|
| 500 |
|
|
|a Překlad z angličtiny
|
| 655 |
|
7 |
|a anglicky psané romány
|7 fd131805
|2 czenas
|
| 655 |
|
7 |
|a milostné romány
|7 fd132840
|2 czenas
|
| 700 |
1 |
|
|a Mojžíšová, Jana
|7 mzk2011644942
|4 trl
|
| 765 |
0 |
|
|t Heart surgeon
|
| 830 |
|
0 |
|a Lékařská romance
|
| 910 |
|
|
|a BOA001
|b 1-1094.472
|
| 990 |
|
|
|a BK
|
| 996 |
6 |
|
|b 2610149050
|c 1-1094.472
|l MZK
|r Sklad / do 1 hodiny
|n 6
|p p.v.
|w 000573409
|u 000010
|a 1
|e BOA001
|j MZK50
|s P
|